[Event "Stay Safe Play From Home 143"]
[Site "T#645979Emanuel Laske"]
[Date "2020.05.12"]
[Round "6"]
[White "Don59as"]
[Black "SoulofWolf"]
[Result "0-1"]
[WhiteElo "2084"]
[BlackElo "2126"]
[Annotator "TA"]
[PlyCount "82"]
[EventDate "2020.05.12"]
[EventType "swiss (blitz)"]

{[%evp 9,82,-28,-17,-22,-22,-34,-41,-49,-23,-20,24,-63,-52,-64,-70,-49,-50,-93,-93,-93,-97,-92,-89,-102,-102,-110,-106,-98,-97,-124,-124,-150,-145,-160,-161,-157,-158,-165,-141,-184,-162,-155,-149,-285,-127,-258,-250,-215,-237,-328,-316,-361,-352,-666,-669,-662,-643,-829,-655,-738,-720,-1556,-1540,-29987,-29988,-29991,-29982,-29989,-29987,-29990,-29987,-29988,-4157,-29985,-29986]} 1. c4 e6 2. Nc3 d5 3. e3 Nf6 4. cxd5 exd5 5. Nf3 Bd6 6. d4 {A17: English Opening: 1...Nf6 with ...Bb4.} O-O 7. Be2 Re8 8. O-O {Black is slightly better.} Bg4 {[#]} 9. h3 $146 ({Predecessor:} 9. Nh4 Bxe2 10. Qxe2 Qd7 11. Qc2 c6 12. a3 Qg4 13. Nf3 Nbd7 14. Qe2 h6 15. Nd2 Qxe2 16. Nxe2 {0-1 (40) Kostov Krumovski,T (1609)-Vila I Bague,A (1279) Costa Brava 2016}) 9... Bh5 10. Ne5 (10. Qb3 $11) 10... Bxe2 $15 11. Nxe2 Bxe5 12. dxe5 Rxe5 13. Nf4 c6 14. b3 Re8 15. Bb2 Nbd7 {[%cal Bb8d7,Bd7f6,Bf6e4][%mdl 32]} 16. Nh5 Nxh5 17. Qxh5 Nf6 18. Qg5 Re6 19. h4 h6 20. Qf5 Qe7 21. Rad1 Ne4 22. h5 Re8 23. Qg4 {[%csl Gb2][%cal Rg4g7]} f6 24. Rfe1 a6 25. f3 Nd6 26. e4 {[#]} (26. Rd3 $17) 26... dxe4 (26... f5 $1 $19 {[%mdl 512] is more deadly.} 27. Qf4 (27. exf5 Rxe1+) 27... fxe4) 27. f4 {This move loses the game for White.} (27. Ba3 $17 {is the only way for White.}) 27... f5 $19 28. Qg3 Nb5 29. a4 Nc7 30. Be5 Nd5 31. Rxd5 $2 (31. Rd4) 31... cxd5 32. Rd1 Rd8 33. Rc1 Rd7 34. Rc8+ Kh7 35. Rb8 d4 36. Bxd4 Rxd4 37. Qc3 Qd7 38. Qc5 Re7 39. Kh2 Rd5 40. Qb6 {[#]} Rd6 (40... Qd6 $142 $1 41. Qxd6 Rxd6 42. Rc8 e3 43. Rc1 e2 44. Re1 Rd1 45. Rxe2 Rxe2 46. Kg3 Rd3+ {[%mdl 64] Double Attack} 47. Kh2 Re1 48. b4 b5 49. a5 Rb1 50. g3 Rd2+ 51. Kh3 Rh1#) 41. Qc5 e3 {Accuracy: White = 34%, Black = 79%.} 0-1

[Event "Stay Safe Play From Home 143"]
[Site "T#645979Emanuel Laske"]
[Date "2020.05.12"]
[Round "6"]
[White "Weltszmerc"]
[Black "Ionutn28"]
[Result "1-0"]
[WhiteElo "2081"]
[BlackElo "1819"]
[Annotator "TA"]
[PlyCount "89"]
[EventDate "2020.05.12"]
[EventType "swiss (blitz)"]

{[%evp 20,89,67,67,75,76,70,57,74,69,70,62,75,56,58,54,46,36,74,68,82,68,114,90,219,184,177,104,165,83,132,145,251,7,135,126,129,124,234,184,204,190,254,181,182,140,168,161,142,72,61,52,53,18,7,12,279,8,29,61,305,114,117,53,223,22,1081,678,29990,29991,29992,29992]} 1. d4 d5 2. c4 c6 3. Nf3 Nf6 4. g3 e6 5. Bg2 Be7 6. O-O O-O 7. Nbd2 Nbd7 8. Qc2 Bd6 9. e4 dxe4 10. Nxe4 Nxe4 11. Qxe4 Nf6 {E07: Closed Catalan: Main Line (5 Nf3 0-0 6 0-0 Nbd7).} 12. Qe2 Re8 13. Rd1 Qc7 {White is slightly better.} 14. c5 Be7 15. Bf4 {[#]} Qa5 $146 ({Predecessor:} 15... Qd8 16. Ne5 Nd5 17. Bd2 Qc7 18. Rac1 Rf8 19. Re1 Bd7 20. h4 Rae8 21. Ba5 b6 22. cxb6 axb6 23. Bxd5 exd5 24. Bxb6 {1-0 (37) Lesiege,A (2515)-Saha,A (2035) Montreal 2019}) 16. a3 Nd5 17. Bd2 Qc7 18. Ne5 Bf6 19. Be4 (19. b4 {feels hotter.} b6 20. Rac1 Bb7 21. a4 Red8 22. Be4) 19... Bxe5 20. dxe5 g6 21. Bc2 Ne7 (21... b6 $16) 22. h4 b6 23. b4 (23. h5 $18) 23... bxc5 (23... Rd8 $16) 24. bxc5 (24. Bg5 $1 $18) 24... a5 25. Bg5 Ba6 (25... Nd5 $16) 26. Qf3 $2 (26. Qe3 $1 $18 {Threatens to win with Bf6.} h6 27. Bxe7 (27. Bxh6 Nd5 $18) 27... Qxe7 28. Be4) 26... Nd5 (26... Qxe5 $11 27. Bxe7 Rxe7) 27. Bf6 $1 $16 Nxf6 28. Qxf6 (28. exf6 $6 Qe5 $14) 28... Qe7 (28... Bc4 $16 {was necessary.}) 29. Rd6 Qxf6 30. exf6 Rac8 (30... Bb5 {keeps fighting.} 31. Be4 a4 32. Rxc6 (32. Bxc6 Bxc6 33. Rxc6 Rec8 $16) 32... Bxc6 33. Bxc6 Kf8 34. Bxa8 (34. Bxe8 Kxe8 35. c6 Rc8 $16) 34... Rxa8) 31. Rad1 Bb5 32. g4 Be2 33. R1d4 Bf3 34. Kh2 (34. Be4 $142 Bxe4 35. Rxe4) 34... Bd5 35. Kg3 Rb8 36. Ba4 Rec8 37. Rd7 Rb2 $2 {[%mdl 8192] [#]} (37... h6 $11) 38. Ra7 $2 (38. Bxc6 $1 $18 {[%mdl 512]} Rc2 (38... Rxc6 39. Rd8#) 39. Bxd5 exd5 40. R4xd5) 38... Ra2 39. Rd3 Bc4 $2 {[#]} ({Better is} 39... h6 $14) 40. Rc3 $2 (40. Rc7 $1 $18 {[%cal Rc7c8][%mdl 512]} Ra8 (40... Rxc7 41. Rd8#) 41. Bxc6 Bxd3 42. Bxa8) 40... Bd5 41. f3 (41. Rxa5 $16 Ra1 42. f3) 41... Rb8 $2 (41... h6 $14) 42. Rd3 $2 $40 {[%mdl 128] White attacks.} ({Stronger than} 42. Rxa5 h6 $11) (42. Rc7 $18) 42... Bb3 $2 {[%mdl 8192]} (42... h6 $11) 43. Rdd7 Bxa4 44. Rxf7 Rxa3 45. Rg7+ {Accuracy: White = 38%, Black = 36%.} 1-0

[Event "Stay Safe Play From Home 143"]
[Site "T#645979Emanuel Laske"]
[Date "2020.05.12"]
[Round "6"]
[White "CastlingArrocco"]
[Black "Lazieri3"]
[Result "1-0"]
[WhiteElo "2051"]
[BlackElo "2113"]
[Annotator "TA"]
[PlyCount "109"]
[EventDate "2020.05.12"]
[EventType "swiss (blitz)"]

{[%evp 9,109,18,17,7,6,-28,20,12,8,10,20,14,4,1,24,0,-1,0,0,-24,-21,-214,-177,-427,-245,-245,-224,-368,-271,-276,-283,-352,-264,-256,0,-354,-339,-384,-283,-372,-306,-370,-335,-403,-342,-481,-379,-376,-369,-373,-333,-399,-271,-414,-420,-424,-339,-353,-346,-1052,-1037,-1000,-761,-731,-720,-787,-785,-1266,-1204,-2316,-1156,-29990,-870,-1511,-1388,-2389,-2037,-29987,-29988,-29993,-5243,-29999,-29999,-29999,-29993,-29993,-29994,-29996,-29994,-29996,-29993,-29994,-29994,-29994,-29995,-29996,-29993,-29992,-29993,-29993,-29994,-29994]} 1. Nc3 c6 2. e4 d5 3. Nf3 dxe4 4. Nxe4 Nf6 5. Ng3 Bg4 6. Bc4 {B11: Caro-Kann: Two Knights Variation.} e6 7. d3 {[#]} Nh5 $146 (7... b5 $5 8. Bb3 $8 Nbd7 $11) ({Predecessor:} 7... Bd6 8. Bg5 Qc7 9. Ne4 Nfd7 10. Nxd6+ Qxd6 11. Qd2 Ne5 12. Nxe5 Qxe5+ 13. Qe3 Qxb2 14. O-O Qxc2 15. Rfc1 Qa4 16. Rab1 b6 17. Bxe6 fxe6 18. Rc4 Qxa2 19. Qxe6+ Kf8 20. Rf4+ {1-0 (20) Seidl,S (1800)-Hlavacek,O (1485) Usti nad Labem 2007}) 8. O-O {The position is equal.} Nxg3 9. fxg3 Bd6 10. h3 Bxf3 11. Qxf3 {[%csl Gf1][%cal Rf3f7]} O-O 12. Qg4 Kh8 13. Bg5 Qc7 14. Rf3 Nd7 {...Ne5 is the strong threat.} 15. Raf1 $2 (15. d4 $11) 15... Ne5 $36 {[%mdl 2112] Double Attack. Black is in control.} 16. Qf4 $2 (16. Qh4) 16... Nxf3+ (16... Qb6+ $142 17. Kh2 f6) 17. Qxf3 Bxg3 {[#]} 18. Qg4 (18. Bxe6 $1 {[%mdl 512] was necessary.} Be5 (18... fxe6 19. Qxf8+) 19. Kh1) 18... Bh2+ 19. Kh1 Bd6 20. h4 Be7 21. Bf4 Bd6 22. Bg5 $1 Rae8 23. h5 h6 24. Be3 Be5 25. Qf3 f5 26. Qh3 Qe7 27. Qf3 (27. d4 {keeps fighting.} Qb4 28. Bd3) 27... Qh4+ 28. Qh3 Qxh3+ 29. gxh3 f4 30. Bf2 Rf6 31. Bh4 (31. d4 {is a better defense.} Bb8 32. Bd3) 31... Rf5 32. d4 Bc7 33. Bd3 Rxh5 34. Bg3 $2 (34. Bg6 Rxh4 35. Bxe8) 34... fxg3 35. Kg2 Rg5 36. Rf7 Bb6 37. c3 c5 38. Rxb7 cxd4 39. cxd4 Bxd4 {( -> ...Rf8)} 40. Be4 e5 (40... Rf8 $142 41. Bf3 Rxf3 $1 {[%mdl 576] Remove Defender, Promotion} 42. Kxf3 g2 43. Rb8+ Kh7 44. h4 g1=Q 45. Rh8+ Kxh8 46. hxg5 Qf2+ {[%mdl 64] Double Attack} 47. Kg4 Qg2+ 48. Kh4 Bf2+ 49. Kh5 Qxg5#) 41. h4 Rg4 {[%mdl 64] Double Attack} 42. Bf5 Rf4 43. Bd7 Ref8 44. Bg4 Rf2+ (44... Rxg4 $142 45. Rb8 Rxb8 46. h5 Rxb2+ {[%mdl 64] Double Attack} 47. Kf3 {[#]} g2 $1 {[%mdl 512]} 48. Kxg4 Rf2 49. Kh4 g1=Q 50. Kh3 Rh2#) 45. Kg1 Rxb2+ {Black mates.} 46. Kh1 Rxb7 47. Kg2 Rb2+ 48. Kh3 Rff2 49. Bd7 Rh2+ 50. Kg4 Rbf2 51. Bc6 g2 52. Bxg2 Rfxg2+ 53. Kf5 Rf2+ 54. Ke4 Rxh4+ 55. Kd5 {[%mdl 32768] Accuracy: White = 32%, Black = 56%. . Sensor Board Error (Ke4/e5)?} 1-0

[Event "Stay Safe Play From Home 143"]
[Site "T#645979Emanuel Laske"]
[Date "2020.05.12"]
[Round "6"]
[White "Haxhi Baha"]
[Black "Chessencounter"]
[Result "0-1"]
[WhiteElo "2016"]
[BlackElo "2130"]
[Annotator "TA"]
[PlyCount "82"]
[EventDate "2020.05.12"]
[EventType "swiss (blitz)"]

{[%evp 9,82,56,46,-14,-2,-76,83,39,73,34,23,29,34,38,45,46,48,33,31,16,24,-43,-50,-33,-22,-56,0,-106,-100,-139,-94,-95,-89,-168,-171,-214,-204,-494,-501,-522,-530,-521,-521,-637,-585,-450,-73,-76,0,-36,0,0,0,0,5389,0,0,0,5373,2942,29990,428,1144,-12839,-6812,-29976,-29977,-29969,-29969,-5443,-5406,-2108,-1432,-29993,-29994]} 1. e4 e6 2. Nf3 g6 3. d4 Bg7 4. Nc3 Ne7 5. h3 {[#]} d5 $146 ({Predecessor:} 5... d6 6. a3 Nd7 7. Bc4 c6 8. Be3 d5 9. Ba2 b6 10. O-O O-O 11. exd5 exd5 12. Qd2 Nf5 {0-1 (39) Gomes,C (1665)-Quaranta Neto,F (1973) Joao Pessoa 2018}) 6. e5 {B06: Modern Defence.} (6. h4 $14) 6... c5 7. Be3 (7. dxc5 $11 {keeps the balance.} O-O 8. Bf4) 7... c4 $2 (7... cxd4 $17 {keeps the pressure on.} 8. Qxd4 Nbc6) 8. Be2 {White is better.} a6 9. O-O b5 10. b3 O-O 11. a4 b4 12. Na2 cxb3 13. cxb3 a5 14. Bb5 Ba6 15. Nc1 ({White should try} 15. Bxa6 $11 Rxa6 16. Nc1) 15... Bxb5 $1 $15 16. axb5 Nd7 17. Nd3 Nf5 (17... Qb6 $15) 18. Qd2 (18. Nc5 $11) 18... Qb6 $17 19. Nc5 Qxb5 20. Nxd7 Qxd7 21. g4 (21. Bf4 $17 {was necessary.}) 21... Nxe3 $19 22. Qxe3 Rfc8 23. g5 $2 (23. Rfc1) 23... Rc3 24. Qe2 Rxb3 25. Rfc1 Rc8 26. Rxc8+ Qxc8 27. Rxa5 Rb1+ $2 (27... Bf8 $19 {is more deadly.} 28. Kg2 Ra3) 28. Kg2 $17 {Strongly threatening Rc5.} b3 (28... Qc4 $17 29. Qe3 Qf1+ 30. Kg3 Rb2) 29. Rb5 (29. Rc5 $5 {[%cal Rc5c8]} Qd8 30. Qd3 $11) 29... Qc1 {...h5 is the strong threat.} 30. Rb8+ Bf8 {[#]} 31. Qb5 $1 {[%mdl 512] White wants to mate with Qb4!} Qa3 $2 {[%mdl 8192]} (31... Qh1+ $11 32. Kg3 Rg1+ $1 {[%mdl 512]} 33. Kf4 Qxh3 34. Nxg1 Qh4+ 35. Kf3 Qh1+ {[%mdl 64] Double Attack} 36. Ke2 Qxg1) 32. Nd2 Rb2 $36 {[%mdl 2048] Black has some pressure.} 33. Nf3 Rb1 {[#]} 34. Qe8 $1 {[%mdl 512] Intending Rb7! and mate.} b2 {[#]} 35. Nd2 (35. Rb7 $142 $1 {[%mdl 512]} Kh8 36. Qxf7 Qe7 37. Rxe7 Rg1+ 38. Nxg1 Bxe7 39. Qxe7 Kg8 40. Qxe6+ {[%mdl 64] Double Attack} Kf8 41. Qf6+ Ke8 42. e6 b1=Q 43. Qf7+ {[%mdl 64] Double Attack} Kd8 44. Qd7#) 35... Rd1 (35... Rh1 $142 36. Qxf8+ (36. Kxh1 Qxh3+ 37. Kg1 Qg4+ {[%mdl 64] Double Attack} 38. Kf1 Qd1+ {[%mdl 64] Double Attack} 39. Kg2 Qg4+ {[%mdl 64] Double Attack} 40. Kf1 Qd1+ {[%mdl 64] Double Attack} 41. Kg2 Qg4+ {[%mdl 64] Double Attack} 42. Kh2 Qh4+ {[%mdl 64] Double Attack} 43. Kg2 Qg4+ $11) 36... Qxf8 37. Rxf8+ Kxf8 38. Kxh1 Kg7) 36. Qb5 $4 {[%mdl 8192]} (36. Rb7 $18 Rg1+ {[%mdl 64] Decoy} 37. Kxg1 b1=Q+ {[%mdl 64] Decoy} 38. Nxb1 Qc1+ 39. Kg2 Qxg5+ 40. Kf1) 36... Rxd2 $19 37. Qb3 Qxb3 38. Rxb3 {[#]} Ba3 $1 39. Kf3 (39. Rxa3 b1=Q) 39... Rd3+ {[%mdl 64] Promotion} 40. Rxd3 b1=Q 41. Kg2 Qxd3 {Accuracy: White = 40%, Black = 58%.} 0-1

[Event "Stay Safe Play From Home 143"]
[Site "T#645979Emanuel Laske"]
[Date "2020.05.12"]
[Round "6"]
[White "Tavares"]
[Black "Fischer_11"]
[Result "0-1"]
[WhiteElo "1872"]
[BlackElo "2012"]
[Annotator "TA"]
[PlyCount "88"]
[EventDate "2020.05.12"]
[EventType "swiss (blitz)"]

{[%evp 9,88,36,62,60,50,39,59,41,27,27,97,93,91,-243,-228,-285,-284,-350,-343,-355,-351,-343,-346,-528,-370,-462,-345,-364,-358,-393,-316,-334,-327,-319,-260,-259,-259,-246,-243,-236,-236,-236,-238,-254,-250,-281,-266,-259,-222,-308,-312,-327,-297,-544,-544,-533,-503,-656,-648,-649,-612,-910,-898,-935,-935,-911,-897,-836,-798,-1120,-1058,-29988,-74,-73,-61,-61,-65,-525,-420,-29989,-29990]} 1. d4 e5 2. dxe5 Nc6 3. g3 Qe7 4. Bg2 Nxe5 5. Nf3 Nf6 6. O-O {A40: Unusual replies to 1 d4.} Nxf3+ 7. Bxf3 g6 8. Nc3 {[#] Bg5 is the strong threat.White is slightly better.} Bg7 $146 ({Predecessor:} 8... d6 9. e4 c6 10. Bf4 Bh3 11. Re1 Nd7 12. Qd2 Ne5 13. Be2 f6 14. Rad1 Be6 {1-0 (33) Praszak,M (2118)-Lipski,T (1987) Lublin 2014}) 9. Bf4 O-O (9... d6 $11) 10. Bxc7 $16 {Black must now prevent Bd6.} d5 11. Nxd5 $2 {[%mdl 8192]} (11. Bf4 $16) 11... Nxd5 $19 {[%mdl 64] [#] Discovered Attack} 12. Qxd5 Qxc7 13. Rfd1 Be6 14. Qxb7 Qxb7 ({Don't play} 14... Qxc2 15. Rac1 $19) 15. Bxb7 Rab8 ({Not} 15... Bxb2 16. Rab1 $17) 16. Be4 (16. Bd5 {was the only chance.}) 16... Rxb2 17. Rab1 Rxb1 18. Rxb1 Bxa2 19. Rb7 a6 20. Ra7 Bc4 21. Bd3 Bxd3 22. cxd3 {[%mdl 4096] Endgame KRB-KR} Re8 23. e3 Rd8 24. d4 {[#]} Rd6 $1 25. Ra8+ Bf8 26. Kf1 Rb6 27. Ke2 Kg7 28. f4 Bb4 29. h4 a5 30. g4 h5 31. g5 $2 (31. gxh5 gxh5 32. d5) 31... Rc6 32. Kf3 Rc2 33. e4 Rc3+ 34. Kg2 Re3 35. f5 Rxe4 36. f6+ Kh7 37. Ra7 Rxd4 38. Rxf7+ Kh8 39. Rg7 Bf8 40. Rxg6 Rd3 $2 (40... Kh7 {mates} 41. Rh6+ Bxh6 42. Kf2 a4 43. Kg2 a3 44. Kf3 a2 45. f7 a1=Q 46. g6+ Kxg6 47. f8=N+ Bxf8 48. Kf2 Bc5 49. Kg3 Rd3+ 50. Kh2 Qg1#) 41. f7 $17 {White wants to play Rg8+.} Rd2+ 42. Kf3 {Threatens to win with Rg8+.} Bg7 $1 {aiming for ...Rd7.} 43. f8=Q+ $4 {[%mdl 8192]} (43. Re6 $15) 43... Bxf8 $19 44. Rh6+ (44. Ra6 $19 Rd4 45. Rxa5) 44... Bxh6 {Accuracy: White = 33%, Black = 77%.} 0-1

[Event "Stay Safe Play From Home 143"]
[Site "T#645979Emanuel Laske"]
[Date "2020.05.12"]
[Round "6"]
[White "Tunca"]
[Black "Mepe_Nika"]
[Result "0-1"]
[WhiteElo "1812"]
[BlackElo "2281"]
[Annotator "TA"]
[PlyCount "80"]
[EventDate "2020.05.12"]
[EventType "swiss (blitz)"]

{[%evp 10,80,-14,-20,40,55,53,37,112,-49,-33,-41,-43,-49,-41,-83,10,-53,-39,-115,-104,-108,0,-16,0,-300,16,15,0,12,270,257,264,254,361,348,508,404,557,318,349,347,433,325,316,320,460,221,462,353,591,218,255,139,154,165,183,63,167,168,150,95,117,108,396,396,396,396,2429,2336,2687,-29972,-29971]} 1. e4 e5 2. f4 exf4 3. Nf3 Nf6 4. Bc4 d5 5. exd5 Nxd5 6. d4 Bg4 {C36: King's Gambit Accepted: 3 Nf3 d5.} (6... Qe7+ $11 7. Qe2 Qxe2+ 8. Kxe2 Be6) 7. O-O $14 c6 8. Nc3 {[#]} Bd6 $146 (8... Be7 $14) ({Predecessor:} 8... Be7 9. Qe2 Nxc3 10. bxc3 O-O 11. Bxf4 Nd7 12. Rfe1 Re8 13. Rab1 b5 14. Bd3 Nf6 {0-1 (27) Policar,M (1264)-Ruzicka,O (1168) Kouty nad Desnou 2020}) 9. Ne4 $2 (9. Nxd5 $16 cxd5 10. Bxd5) 9... O-O 10. Nxd6 Qxd6 11. c3 Nd7 12. Qd3 N7f6 ({Better is} 12... h6 $17 13. Bd2 Rfe8) 13. Bb3 (13. Ne5 $11) 13... Bxf3 $15 14. Rxf3 (14. Qxf3 $15 g5 15. Bd2) 14... Rae8 $17 15. Bd2 Ne3 (15... Re4 $17 16. Bxd5 cxd5) 16. Re1 Nfg4 17. g3 $2 {[%mdl 8192] [#]} (17. Qb1 $1 $11 {and White stays safe.}) 17... fxg3 $2 (17... Qh6 18. Qe2 $17) (17... Ne5 $1 $19 {[%cal Re5f3][%mdl 512]} 18. Qe4 (18. dxe5 Qxd3) 18... Nxf3+ 19. Qxf3 Nd5) 18. Bxe3 $11 gxh2+ 19. Kh1 {Strongly threatening Ref1.} Nxe3 $4 {[%mdl 8192]} (19... Ne5 $1 $11 20. Qf5 Nxf3 21. Qxf3 Qg6) 20. Rfxe3 $40 {[%mdl 128] White wants a kill.} Rxe3 21. Qxe3 g6 (21... Qf6 {was called for.} 22. Re2 Qg6) 22. Qe5 $18 Qd7 (22... Qxe5 $142 23. Rxe5 (23. dxe5 Re8 $18) 23... a6) 23. Kxh2 Qg4 24. Qg3 Qh5+ 25. Kg2 Qh6 26. Rf1 Qd2+ 27. Rf2 Qh6 (27... Qe1 $142 28. Qh4 Qe8) 28. Qf3 (28. Qe5 $142) 28... Qg7 $2 (28... Qg5+ {was necessary.} 29. Qg3 Qxg3+ 30. Kxg3 Kg7) 29. Qf6 h5 $2 (29... Qxf6 30. Rxf6 Kg7) 30. Qxg7+ (30. Qe7 $142) 30... Kxg7 {[%mdl 4096] Endgame KRB-KR} 31. Rf4 (31. Re2 $18) 31... f5 $16 32. Rf2 Re8 33. Kf3 (33. Bc4 $18) 33... Kf6 {[#]} ({Black should try} 33... g5 $14) 34. Re2 $1 $18 {[%cal Re2e8]} Rxe2 35. Kxe2 {KB-KP} g5 36. Kf3 g4+ $2 {[%mdl 8192] [#]} (36... h4 $16) 37. Kf4 $1 h4 {Black wants to play ...h3.} 38. Bc2 h3 $2 (38... g3 39. Kf3 Kg5) 39. Bxf5 g3 40. Be4 $4 {[%mdl 8192]} (40. Bxh3 $18 Ke7 41. a4) 40... g2 {Never resign too early! Accuracy: White = 47%, Black = 24%.} 0-1

[Event "Stay Safe Play From Home 143"]
[Site "T#645979Emanuel Laske"]
[Date "2020.05.12"]
[Round "6"]
[White "Gmbasti"]
[Black "Ironmike"]
[Result "0-1"]
[WhiteElo "1645"]
[BlackElo "1885"]
[Annotator "NA RC"]
[PlyCount "56"]
[EventDate "2020.05.12"]
[EventType "swiss (blitz)"]

1. c4 {[%emt 0:00:08]} b6 {[%emt 0:00:00]} 2. e3 {[%emt 0:00:00]} Bb7 {[%emt 0:00:00]} 3. d4 {[%emt 0:00:00]} e6 {[%emt 0:00:01]} 4. Nc3 {[%emt 0:00:00]} c5 {[%emt 0:00:01]} 5. Nf3 {[%emt 0:00:00]} cxd4 {[%emt 0:00:01]} 6. exd4 {[%emt 0:00:00]} Nf6 {[%emt 0:00:01]} 7. Be3 {[%emt 0:00:00]} Bb4 {[%emt 0:00:01]} 8. Bd3 {[%emt 0:00:00]} Bxc3+ {[%emt 0:00:00]} 9. bxc3 {[%emt 0:00:01]} d5 {[%emt 0:00:01]} 10. cxd5 {[%emt 0:00:01]} Bxd5 {[%emt 0:00:01]} 11. Bb5+ {[%emt 0:00:01]} Bc6 {[%emt 0:00:01]} 12. Bxc6+ {[%emt 0:00:01]} Nxc6 {[%emt 0:00:01]} 13. Qa4 {[%emt 0:00:00]} Qd7 {[%emt 0:00:01]} 14. Ne5 {[%emt 0:00:02]} Nxe5 {[%emt 0:00:01]} 15. Qxd7+ {[%emt 0:00:04]} Nexd7 {[%emt 0:00:01]} 16. Rb1 {[%emt 0:00:02]} O-O {[%emt 0:00:01]} 17. O-O {[%emt 0:00:01]} Rac8 {[%emt 0:00:01]} 18. Rfc1 {[%emt 0:00:02]} Nd5 {[%emt 0:00:01]} 19. c4 {[%emt 0:00:01]} Nxe3 {[%emt 0:00:01]} 20. fxe3 {[%emt 0:00:00]} Nf6 {[%emt 0:00:01]} 21. c5 {[%emt 0:00:01]} bxc5 {[%emt 0:00:01]} 22. dxc5 {[%emt 0:00:00]} Rfd8 {[%emt 0:00:01]} 23. c6 {[%emt 0:00:01]} Rd6 {[%emt 0:00:01]} 24. c7 {[%emt 0:00:01]} Ne8 {[%emt 0:00:01]} 25. Rb7 {[%emt 0:00:04]} Rd7 {[%emt 0:00:02]} 26. Rxa7 {[%emt 0:00:02]} Rdxc7 {[%emt 0:00:02]} 27. Raxc7 {[%emt 0:00:02]} Rxc7 {[%emt 0:00:00]} 28. Rc2 {[%emt 0:00:01]} Rxc2 {[%emt 0:00:02] Gmbasti gibt auf (Lag: Av=0.31s, max=0.4s)} 0-1

[Event "Stay Safe Play From Home 143"]
[Site "T#645979Emanuel Laske"]
[Date "2020.05.12"]
[Round "6"]
[White "Trotsky"]
[Black "Gibiz144"]
[Result "1-0"]
[WhiteElo "1590"]
[BlackElo "1529"]
[Annotator "NA RC"]
[PlyCount "37"]
[EventDate "2020.05.12"]
[EventType "swiss (blitz)"]

1. d4 {[%emt 0:00:01]} e6 {[%emt 0:00:00]} 2. e3 {[%emt 0:00:01]} b6 {[%emt 0:00:01]} 3. c4 {[%emt 0:00:01]} Bb7 {[%emt 0:00:01]} 4. Nc3 {[%emt 0:00:01]} Ne7 {[%emt 0:00:00]} 5. Qc2 {[%emt 0:00:01]} d6 {[%emt 0:00:00]} 6. f3 {[%emt 0:00:00]} g6 {[%emt 0:00:00]} 7. Bd3 {[%emt 0:00:01]} Bg7 {[%emt 0:00:00]} 8. h4 {[%emt 0:00:01]} h6 {[%emt 0:00:02]} 9. Nh3 {[%emt 0:00:01]} Nd7 {[%emt 0:00:01]} 10. Bd2 {[%emt 0:00:00]} a6 {[%emt 0:00:01]} 11. O-O-O {[%emt 0:00:01]} Nc6 {[%emt 0:00:01]} 12. d5 {[%emt 0:00:01]} Nce5 {[%emt 0:00:01]} 13. Be4 {[%emt 0:00:03]} Nxc4 {[%emt 0:00:02]} 14. Bd3 {[%emt 0:00:02]} Nxd2 {[%emt 0:00:01]} 15. Rxd2 {[%emt 0:00:01]} O-O {[%emt 0:00:01]} 16. Ng5 {[%emt 0:00:02]} exd5 {[%emt 0:00:03]} 17. Bxg6 {[%emt 0:00:01]} fxg6 {[%emt 0:00:02]} 18. Qxg6 {[%emt 0:00:01]} Qf6 {[%emt 0:00:01]} 19. Qh7# {[%emt 0:00:01] (Lag: Av=0.29s, max=0.4s)} 1-0

[Event "Stay Safe Play From Home 143"]
[Site "T#645979Emanuel Laske"]
[Date "2020.05.12"]
[Round "6"]
[White "UHU4"]
[Black "Lucknow"]
[Result "0-1"]
[WhiteElo "1541"]
[BlackElo "1755"]
[Annotator "NA RC"]
[PlyCount "64"]
[EventDate "2020.05.12"]
[EventType "swiss (blitz)"]

1. g4 {[%emt 0:00:01]} c5 {[%emt 0:00:01]} 2. Bg2 {[%emt 0:00:01]} d5 {[%emt 0:00:01]} 3. h3 {[%emt 0:00:02]} e6 {[%emt 0:00:01]} 4. c4 {[%emt 0:00:01]} Nc6 {[%emt 0:00:00]} 5. Qb3 {[%emt 0:00:01]} d4 {[%emt 0:00:02]} 6. e3 {[%emt 0:00:02]} h6 {[%emt 0:00:03]} 7. Ne2 {[%emt 0:00:03]} Nf6 {[%emt 0:00:02]} 8. O-O {[%emt 0:00:02]} Be7 {[%emt 0:00:02]} 9. d3 {[%emt 0:00:05]} O-O {[%emt 0:00:04]} 10. e4 {[%emt 0:00:01]} e5 {[%emt 0:00:02]} 11. a3 {[%emt 0:00:03]} Nh7 {[%emt 0:00:02]} 12. Qd1 {[%emt 0:00:02]} a6 {[%emt 0:00:04]} 13. f4 {[%emt 0:00:01]} b5 {[%emt 0:00:02]} 14. b3 {[%emt 0:00:01]} Rb8 {[%emt 0:00:02]} 15. Nd2 {[%emt 0:00:02]} Qc7 {[%emt 0:00:04]} 16. f5 {[%emt 0:00:01]} Ng5 {[%emt 0:00:02]} 17. Ng3 {[%emt 0:00:03]} f6 {[%emt 0:00:03]} 18. Nf3 {[%emt 0:00:01]} Nxf3+ {[%emt 0:00:01]} 19. Bxf3 {[%emt 0:00:01]} bxc4 {[%emt 0:00:00]} 20. bxc4 {[%emt 0:00:01]} a5 {[%emt 0:00:01]} 21. Bd2 {[%emt 0:00:04]} Bd7 {[%emt 0:00:01]} 22. Rb1 {[%emt 0:00:02]} Rxb1 {[%emt 0:00:01]} 23. Qxb1 {[%emt 0:00:01]} Rb8 {[%emt 0:00:00]} 24. Qc2 {[%emt 0:00:01]} Qb7 {[%emt 0:00:00]} 25. h4 {[%emt 0:00:05]} Qb3 {[%emt 0:00:01]} 26. Qxb3 {[%emt 0:00:02]} Rxb3 {[%emt 0:00:00]} 27. Be2 {[%emt 0:00:01]} Rxa3 {[%emt 0:00:01]} 28. Rb1 {[%emt 0:00:01]} Nb4 {[%emt 0:00:01]} 29. g5 {[%emt 0:00:02]} Ra2 {[%emt 0:00:01]} 30. Bxb4 {[%emt 0:00:02]} axb4 {[%emt 0:00:02]} 31. g6 {[%emt 0:00:01]} Bd8 {[%emt 0:00:02]} 32. Bd1 {[%emt 0:00:03]} Ba4 {[%emt 0:00:00] Tiempo (Lag: Av=0.44s, max=0.7s) .} 0-1